Estadísticas para Cultura General #13

Haz click aquí para intentar la prueba.

Estadísticas generales

  • Esta prueba ha sido intentada 508 veces
  • La puntuación promedio es 10 de 20

Estadísticas de respuestas

PreguntaRespuesta% Correcto
¿Qué idioma tiene estas letras: Δ, Φ, Ω?Griego
94%
¿Quién es el autor de el Quijote?Miguel de Cervantes
91%
¿Qué país organizó la Copa Mundial de la FIFA 2022?Catar
90%
Si un gato tiene 9 vidas, ¿cuántas vidas tienen 99 gatos (en total)?891
81%
¿Quién es el mago que aconseja al rey Arturo?Merlín
74%
¿Qué personaje es el villano en la película "El Rey León"?Scar
69%
¿Qué arte marcial podría describirse como lucha de baile brasileña?Capoeira
63%
¿Qué cantante tiene entre sus éxitos "When I Was Your Man" y "24K Magic"?Bruno Mars
56%
¿Qué ciudad está más cerca de la isla de Alcatraz?San Francisco
51%
¿Qué día viene después del Martes de Carnaval?Miércoles de Ceniza
50%
¿En qué país se encuentra el nacimiento de los ríos Tigris y Éufrates?Turquía
47%
¿Qué abreviatura común se da al partido nacional socialista?Nazi
43%
¿Qué isla fue el centro de la civilización minoica?Creta
37%
¿Qué pecado capital es también un tipo de animal?Pereza
37%
¿Qué país era conocido antiguamente como Zaire?República Democrática del Congo
37%
¿En qué personaje real se basó supuestamente el Conde Drácula?Vlad el Impalador
33%
¿Qué empresa fabrica el sistema operativo Android?Google
27%
De los tres tipos de roca, ¿cuál está hecha de lava?Ígnea
14%
¿Cuál es el tipo de ave más pequeño?Colibrí abeja
4%
¿Qué popular aliño para ensaladas sabe como la "salsa secreta" de un Big Mac?Mil islas
2%

Distribución de puntuación

Porcentaje por número respondido

Porcentaje de gente con cada puntuación

Historial de tus puntuaciones

No has intentado esta prueba.